000 00905nam a2200253 u 4500
005 20230609063537.0
008 190919s1992 r 000 0 eng d
020 _a9681637127
035 _aUPN01000232971
040 _aMX-MxUPN
_bspa
_cMX-MxUPN
050 _aBF723 D7
_bA5.3
100 1 _aAndreoli, Vittorino,
_d1940-
_930410
240 1 3 _aIl linguaggio grafico della follia.
_lEspañol
245 1 3 _aEl lenguaje gráfico de la locura /
_cVittorino Andreoli ; traducción de Héctor Pérez Rincón.
260 _aMéxico :
_bFondo de Cultura Económica,
_c1992.
300 _a173 p.
490 _aSección de obras de psicología, psiquiatría y psicoanálisis.
650 4 _aPsicología infantil
_990
650 2 _913607
_aDIBUJOS INFANTILES -
_xASPECTOS PSICOLOGICOS
700 1 _aPérez-Rincón, Héctor
_etraductor
_944270
905 _aLibro
942 _2lcc
_cLIBRO
999 _c205066
_d205066